| 000 | 01282nam a2200253Ia 4500 | ||
|---|---|---|---|
| 999 |
_c55962 _d55962 |
||
| 001 | 23061 | ||
| 003 | GE_BSU | ||
| 005 | 20230329162207.0 | ||
| 008 | 181216s1986ge xx |||||||||||||| ||geo|| | ||
| 040 | _cGE_BSU | ||
| 041 | _ageo | ||
| 080 | _a821.14'01-13 ჰ-80 | ||
| 100 |
_aჰომეროსი _917340 |
||
| 245 |
_aოდისეა : _bპოემა / _c ჰომეროსი, ძველბერძნ. თარგმნეს და წინასიტყვ. დაურთეს ზ. კიკნაძემ და თ. ჩხენკელმა |
||
| 250 | _aმე-2 გამოც. | ||
| 264 |
_aთბილისი : _bნაკადული, _c1986. |
||
| 300 |
_a317 გვ. : _bილ. ; _c 20 სმ. |
||
| 653 | _aანტიკური კულტურა | ||
| 653 | _aოდისეა : პოემა | ||
| 700 |
_aკიკნაძე, ზ _eმთარგმნელი _98082 |
||
| 700 |
_a ჩხენკელი, თ _eმთარგმნელი _917341 |
||
| 710 |
_aსაქ. მწერ. კავშ. არსებ. მხატვ. თარგმანისა და ლიტ. ურთიერთობების მთ. სარედ. კოლეგია. _917342 |
||
| 942 |
_cBK _2udc |
||